Analýza daňového zaťaženia fyzickej osoby bakalárska práca

Gespeichert in:
Bibliographische Detailangaben
1. Verfasser: Poláková, Bibiana
Körperschaft: Fakulta hospodárskej informatiky EU. Katedra účtovníctva a audítorstva
Weitere Verfasser: Mateášová, Martina, 1979-
Format: Buch
Sprache:Slowakisch
Veröffentlicht: Bratislava 2024
Tags: Tag hinzufügen
Keine Tags, Fügen Sie das erste Tag hinzu!

MARC

LEADER 00000nbm a2200000 4500
001 0302571
005 20250131120855.3
041 0 |a slo 
044 |a SK 
245 1 0 |a Analýza daňového zaťaženia fyzickej osoby  |b bakalárska práca  |c Bibiana Poláková ; školiteľ: Martina Mateášová 
264 1 |a Bratislava  |c 2024 
300 |a 49 s. 
100 1 |a Poláková, Bibiana 
700 1 |a Mateášová, Martina, 1979- 
710 2 |a Fakulta hospodárskej informatiky EU. Katedra účtovníctva a audítorstva